[Event "29th Rilton Cup"]
[Site "Stockholm SWE"]
[Date "1999.12.30"]
[Round "4.19"]
[White "Lehtinen, Heikki"]
[Black "Brustman, Agnieszka"]
[Result "0-1"]
[WhiteElo "2224"]
[BlackElo "2383"]
[EventDate "1999.12.27"]
[PlyCount "126"]

1.g3 g6 2.Bg2 Bg7 3.c4 e5 4.Nc3 d6 5.e3 Nc6 6.Rb1 f5 7.d3 Nf6 8.Nge2 O-O 
9.O-O Be6 10.Nd5 Bf7 11.Nec3 Nh5 12.b4 Qd7 13.b5 Nd8 14.Ne2 Ne6 15.a4 Rab8
16.Qc2 Rfc8 17.Bd2 Nd8 18.a5 c6 19.Ndc3 d5 20.bxc6 bxc6 21.cxd5 cxd5 22.d4
Nc6 23.Qa4 e4 24.a6 g5 25.Nb5 Ne7 26.Qa5 Nc6 27.Qa4 Be8 28.Qa2 Qe6 29.Rfc1
Nf6 30.Nec3 Qd7 31.Rb2 Bh6 32.Rcb1 Bf7 33.Na4 f4 34.Nc5 Qg4 35.exf4 gxf4 
36.Nd6 fxg3 37.Bxh6 Rxb2 38.Qxb2 Rb8 39.Qxb8+ Nxb8 40.Rxb8+ Be8 41.Nxe8 
Qd1+ 42.Bf1 gxf2+ 43.Kxf2 Ng4+ 44.Kg1 Nxh6 45.Nd6+ Kg7 46.Nb5 Nf5 47.Ne6+ 
Kf6 48.Nf4 Ne3 49.Rf8+ Ke7 50.Ng2 Nxg2 51.Rf2 Ne3 52.Nxa7 Nxf1 53.Nc6+ Kd6
54.Rf6+ Kc7 55.a7 Ne3+ 56.Kf2 Ng4+ 57.Kg2 Qe2+ 58.Kg1 Qxh2+ 59.Kf1 Qh1+ 
60.Ke2 Qh2+ 61.Ke1 Qh4+ 62.Ke2 Qxf6 63.a8=Q Qf2+ 0-1

[Event "29th Rilton Cup"]
[Site "Stockholm SWE"]
[Date "1999.12.30"]
[Round "4.20"]
[White "Sax, Gyula"]
[Black "Evertsson, Kristian"]
[Result "1-0"]
[WhiteElo "2588"]
[BlackElo "2080"]
[EventDate "1999.12.27"]
[PlyCount "61"]

1.e4 e5 2.Nf3 Nc6 3.Bb5 a6 4.Ba4 d6 5.c3 f5 6.exf5 Bxf5 7.O-O Bd3 8.Re1 
Be7 9.Bc2 Bxc2 10.Qxc2 Nf6 11.d4 Qd7 12.Ng5 O-O 13.d5 Nd8 14.c4 h6 15.Ne4 
Nh5 16.Nbc3 Nf7 17.Be3 Bg5 18.c5 Qf5 19.Qb3 Bxe3 20.fxe3 Ng5 21.Rf1 Qg4 
22.Nxg5 Qxg5 23.Ne4 Qg6 24.Nf2 Rf3 25.Qxb7 Raf8 26.Qxa6 Rxe3 27.Nh3 Rxf1+ 
28.Rxf1 Kh7 29.Qc8 Nf4 30.Nxf4 exf4 31.Rxf4 1-0

[Event "29th Rilton Cup"]
[Site "Stockholm SWE"]
[Date "1999.12.30"]
[Round "4.21"]
[White "Olsson, Anders"]
[Black "Agrest, Evgenij"]
[Result "0-1"]
[WhiteElo "2206"]
[BlackElo "2554"]
[EventDate "1999.12.27"]
[PlyCount "151"]

1.e4 c5 2.Nf3 e6 3.d4 cxd4 4.Nxd4 a6 5.Nc3 d6 6.g3 Bd7 7.Bg2 Nc6 8.O-O Be7
9.Re1 Rc8 10.a4 Nf6 11.Nxc6 Bxc6 12.Bg5 O-O 13.Qd2 h6 14.Bf4 Ng4 15.Qe2 
Ne5 16.Bc1 Bf6 17.f4 Nd7 18.Bd2 Nc5 19.Qf2 Bxc3 20.Bxc3 Nxa4 21.Bd4 Qe7 
22.b3 Nc5 23.Rad1 Nd7 24.Bb2 e5 25.Ba3 Nc5 26.b4 Na4 27.b5 Bxb5 28.Bxd6 
Qe6 29.Bxf8 Rxf8 30.Rd5 exf4 31.gxf4 Nc3 32.Rc5 Na4 33.f5 Qb6 34.Rd5 Qxf2+
35.Kxf2 Nb6 36.Rc5 Nd7 37.Rc7 Ne5 38.Rd1 Bc6 39.Re7 f6 40.Ke3 Rc8 41.Bf1 
a5 42.Be2 Kf8 43.Re6 a4 44.Red6 Ke7 45.R6d4 Bd7 46.Kd2 Rc5 47.Rg1 Kf8 48.
Rb1 Bc6 49.Rdb4 a3 50.Ra1 Ra5 51.Bd3 Nf3+ 52.Ke3 Nxh2 53.Kf4 h5 54.Rb3 g5+
55.fxg6 Rg5 56.Rbxa3 Rg4+ 57.Ke3 Rxg6 58.Rh1 Ng4+ 59.Kf4 Rg5 60.Ra8+ Kg7 
61.Rg1 Re5 62.Rc8 Re7 63.Rh1 Be8 64.Bc4 Ne5 65.Bd5 b5 66.Ra1 Ng6+ 67.Kf3 
Kh6 68.Ra6 Bd7 69.Rc5 Kg5 70.Kf2 Ne5 71.Ra8 h4 72.Rg8+ Kf4 73.Rc3 b4 74.
Rb3 Rh7 75.Rg1 h3 76.Rh1 0-1

[Event "29th Rilton Cup"]
[Site "Stockholm SWE"]
[Date "1999.12.30"]
[Round "4.22"]
[White "Johansson, Gunnar"]
[Black "Socko, Bartosz"]
[Result "0-1"]
[WhiteElo "2212"]
[BlackElo "2543"]
[EventDate "1999.12.27"]
[PlyCount "66"]

1.e4 e6 2.Nf3 d5 3.Nc3 Nf6 4.e5 Nfd7 5.d4 c5 6.Bb5 Nc6 7.O-O Be7 8.dxc5 
Nxc5 9.Qd4 O-O 10.Bxc6 bxc6 11.Bg5 Nd7 12.Bxe7 Qxe7 13.Rfe1 c5 14.Qd3 Bb7 
15.Ne2 Rab8 16.Nf4 Ba8 17.b3 Rb4 18.Nh5 Kh8 19.h3 a5 20.c3 Rb6 21.Qe3 a4 
22.Reb1 Bc6 23.Qf4 f5 24.exf6 Nxf6 25.Qg5 Be8 26.Nf4 Qc7 27.Ne2 Bg6 28.Rb2
a3 29.Rd2 Ne4 30.Qe3 Nxd2 31.Qxd2 e5 32.Qxd5 Rd6 33.Qxe5 Rxf3 0-1

[Event "29th Rilton Cup"]
[Site "Stockholm SWE"]
[Date "1999.12.30"]
[Round "4.23"]
[White "Hillarp Persson, Tiger"]
[Black "Lindberg, Bosse"]
[Result "1-0"]
[WhiteElo "2507"]
[BlackElo "2170"]
[EventDate "1999.12.27"]
[PlyCount "39"]

1.d4 c5 2.d5 Nf6 3.Nc3 e6 4.e4 exd5 5.e5 Ng8 6.Qxd5 Nc6 7.Nf3 d6 8.Bb5 Qc7
9.Bf4 Be6 10.exd6 Bxd5 11.dxc7 Bxf3 12.gxf3 Ne7 13.O-O-O f6 14.Rhe1 g5 15.
Bxc6+ bxc6 16.Bd6 Rc8 17.Ne4 Kf7 18.Bxe7 Bxe7 19.Rd7 Kf8 20.Ng3 1-0

[Event "29th Rilton Cup"]
[Site "Stockholm SWE"]
[Date "1999.12.30"]
[Round "4.24"]
[White "Bergstroem, Rolf"]
[Black "Carlsson, Pontus"]
[Result "1/2-1/2"]
[WhiteElo "2322"]
[BlackElo "2186"]
[EventDate "1999.12.27"]
[PlyCount "35"]

1.e4 c5 2.c3 d5 3.exd5 Qxd5 4.d4 Nc6 5.Nf3 cxd4 6.cxd4 e5 7.Nc3 Bb4 8.Bd2 
Bxc3 9.Bxc3 e4 10.Ne5 Nxe5 11.dxe5 Ne7 12.Be2 O-O 13.O-O Bf5 14.Qc1 Qe6 
15.Rd1 Rfd8 16.Qg5 h6 17.Qg3 Nd5 18.Bc4 1/2-1/2

[Event "29th Rilton Cup"]
[Site "Stockholm SWE"]
[Date "1999.12.30"]
[Round "4.25"]
[White "Evertsson, Lennart"]
[Black "Hermansson, Emil"]
[Result "1-0"]
[WhiteElo "2154"]
[BlackElo "2314"]
[EventDate "1999.12.27"]
[PlyCount "81"]

1.d4 Nf6 2.c4 g6 3.Nc3 Bg7 4.Bg5 h6 5.Bf4 d6 6.e4 Nc6 7.d5 e5 8.Be3 Ne7 9.
Be2 Bd7 10.h4 h5 11.f3 O-O 12.Qd2 c6 13.Nh3 cxd5 14.cxd5 Bxh3 15.Rxh3 a6 
16.O-O-O b5 17.Rg1 Qa5 18.Kb1 Rab8 19.Bd1 b4 20.Ne2 Qb5 21.Bg5 Nc8 22.Bxf6
Bxf6 23.g4 hxg4 24.Rxg4 Kg7 25.f4 Rh8 26.f5 Ne7 27.Ng3 Qc5 28.h5 Qd4 29.
h6+ Kh7 30.Qe2 Rhc8 31.fxg6+ fxg6 32.Rh1 Qc4 33.Qe3 Qd4 34.Qf3 Rf8 35.Qg2 
Rbc8 36.Bc2 Bg5 37.Nf5 gxf5 38.Rxg5 Rg8 39.Rg7+ Kh8 40.exf5 Nxd5 41.Qg6 
1-0

[Event "29th Rilton Cup"]
[Site "Stockholm SWE"]
[Date "1999.12.30"]
[Round "4.26"]
[White "Ask, Josef"]
[Black "Bjarnehag, Peter"]
[Result "0-1"]
[WhiteElo "2103"]
[BlackElo "2257"]
[EventDate "1999.12.27"]
[PlyCount "56"]

1.Nf3 c5 2.g3 g6 3.Bg2 Bg7 4.c4 Nc6 5.O-O e5 6.Nc3 Nge7 7.d3 d6 8.Rb1 O-O 
9.a3 a5 10.Ne1 Be6 11.Nc2 d5 12.cxd5 Nxd5 13.Ne3 Nde7 14.Nc4 Rb8 15.Qa4 
Bd7 16.Qb5 b6 17.Qa6 Bc8 18.Qb5 Nd4 19.Qa4 b5 20.Qxa5 bxc4 21.Qxc5 cxd3 
22.exd3 Bb7 23.Ne4 f5 24.Bg5 Re8 25.Nd6 Bxg2 26.Nxe8 Bxf1 27.Nf6+ Bxf6 28.
Bxf6 Qd5 0-1

[Event "29th Rilton Cup"]
[Site "Stockholm SWE"]
[Date "1999.12.30"]
[Round "4.27"]
[White "Aengskog, Kent"]
[Black "Andersson, Fredrik"]
[Result "1/2-1/2"]
[WhiteElo "2247"]
[BlackElo "2153"]
[EventDate "1999.12.27"]
[PlyCount "100"]

1.Nf3 d5 2.c4 c6 3.b3 Bf5 4.d3 Nf6 5.Bb2 Nbd7 6.g3 e6 7.Bg2 Be7 8.O-O O-O 
9.Nc3 a6 10.Re1 Bg4 11.e4 d4 12.Ne2 Bxf3 13.Bxf3 e5 14.h3 b5 15.Nxd4 exd4 
16.e5 Qb6 17.exf6 Bxf6 18.Qc2 Rac8 19.Bc1 Qc5 20.Bd2 b4 21.a3 bxa3 22.b4 
Qb6 23.c5 Qb7 24.Rxa3 Rfe8 25.Rxe8+ Rxe8 26.Qa2 Nb8 27.Qc4 Qe7 28.Ra1 Qd8 
29.Kg2 Qd7 30.Bf4 Be5 31.Bxe5 Rxe5 32.Rxa6 Nxa6 33.Qxa6 Re6 34.Qa8+ Re8 
35.Bxc6 Rxa8 36.Bxd7 Kf8 37.b5 Ke7 38.Bc6 Ra3 39.Be4 Rb3 40.b6 Kd8 41.g4 
Rb5 42.b7 Kc7 43.Bxh7 Kxb7 44.Be4+ Kc7 45.c6 Kd6 46.h4 Rb2 47.Kg3 Rc2 48.
h5 f6 49.f4 Rc5 50.Kh4 Ke6 1/2-1/2

[Event "29th Rilton Cup"]
[Site "Stockholm SWE"]
[Date "1999.12.30"]
[Round "4.28"]
[White "Marttala, Thomas"]
[Black "Azizi, Haroon"]
[Result "1-0"]
[WhiteElo "2240"]
[BlackElo "2150"]
[EventDate "1999.12.27"]
[PlyCount "45"]

1.e4 d6 2.d4 Nf6 3.Nc3 g6 4.Be2 Bg7 5.h4 h5 6.Nh3 c5 7.dxc5 Qa5 8.Ng5 Qxc5
9.Be3 Qa5 10.Qd2 a6 11.Bc4 O-O 12.Bb3 Nc6 13.f3 Bd7 14.O-O-O Rac8 15.Qf2 
Qc7 16.Bb6 Qb8 17.g4 hxg4 18.h5 gxh5 19.Rxh5 d5 20.Qh4 Qf4+ 21.Kb1 Nb4 22.
Bd4 dxe4 23.Bxf6 1-0

[Event "29th Rilton Cup"]
[Site "Stockholm SWE"]
[Date "1999.12.30"]
[Round "4.29"]
[White "Siegbahn, Patrick"]
[Black "Von Bahr, Oskar"]
[Result "1-0"]
[WhiteElo "2077"]
[BlackElo "2240"]
[EventDate "1999.12.27"]
[PlyCount "93"]

1.d4 Nf6 2.c4 e6 3.Nf3 c5 4.e3 b6 5.Nc3 Bb7 6.Bd3 g6 7.O-O Bg7 8.b3 O-O 9.
Bb2 cxd4 10.Nxd4 d5 11.cxd5 Nxd5 12.Rc1 Bxd4 13.exd4 Nxc3 14.Bxc3 Qg5 15.
f3 Nd7 16.Bd2 Qd5 17.Be3 Nf6 18.Qe2 Rfc8 19.Bc4 Qd6 20.Bf2 Nd5 21.Bg3 Qb4 
22.Be5 a5 23.Qf2 Qe7 24.Qd2 Bc6 25.Bxd5 Bxd5 26.Rxc8+ Rxc8 27.Rc1 Rxc1+ 
28.Qxc1 f6 29.Qc7 Kf7 30.Bd6 Qxc7 31.Bxc7 a4 32.bxa4 Bxa2 33.Bxb6 Ke7 34.
Kf2 Kd6 35.Ke3 Kd5 36.Bd8 f5 37.Bf6 Bc4 38.Kf4 Bf1 39.g3 Bg2 40.h4 Bh1 41.
a5 h6 42.a6 g5+ 43.Bxg5 hxg5+ 44.hxg5 Kxd4 45.a7 e5+ 46.Kxf5 Bxf3 47.g6 
1-0

[Event "29th Rilton Cup"]
[Site "Stockholm SWE"]
[Date "1999.12.30"]
[Round "4.30"]
[White "Bekker-Jensen, Anne"]
[Black "Karlsson, Tomas"]
[Result "1/2-1/2"]
[WhiteElo "2074"]
[BlackElo "2220"]
[EventDate "1999.12.27"]
[PlyCount "118"]

1.d4 Nf6 2.c4 g6 3.Nc3 d5 4.cxd5 Nxd5 5.e4 Nxc3 6.bxc3 Bg7 7.Bc4 c5 8.Ne2 
O-O 9.O-O Nc6 10.Be3 Qc7 11.Rc1 Rd8 12.Qc2 Na5 13.Bb3 b6 14.Qb2 Ba6 15.Bf4
Qd7 16.dxc5 Nxb3 17.axb3 bxc5 18.Rfe1 Qc6 19.Ng3 Bd3 20.b4 Qb5 21.Qa3 a5 
22.bxc5 Rdc8 23.Red1 Qc4 24.Be3 Bxe4 25.Nxe4 Qxe4 26.Bd4 e5 27.Re1 Qd5 28.
Be3 Bf8 29.Red1 Qc6 30.Rd6 Bxd6 31.cxd6 Rd8 32.Rd1 Ra6 33.Bc5 Qb5 34.h3 
Rc6 35.Rd5 Rdxd6 36.Rxd6 Qxc5 37.Qxc5 Rxc5 38.Ra6 g5 39.Kf1 Kg7 40.Ke2 e4 
41.Ke3 Rxc3+ 42.Kxe4 Rc4+ 43.Ke3 Ra4 44.g3 f6 45.Ke2 h5 46.g4 hxg4 47.hxg4
Re4+ 48.Kd3 Rxg4 49.Rxa5 Kg6 50.Ke3 Rb4 51.Ra6 Rb3+ 52.Ke4 Rb2 53.Ke3 g4 
54.Kf4 Rb4+ 55.Kg3 Kg5 56.Ra8 Rb3+ 57.Kg2 f5 58.Rg8+ Kf4 59.Rf8 Rb5 
1/2-1/2

[Event "29th Rilton Cup"]
[Site "Stockholm SWE"]
[Date "1999.12.30"]
[Round "4.32"]
[White "Helin, Mikael"]
[Black "Jensen, Leif Haugaard"]
[Result "0-1"]
[WhiteElo "2200"]
[BlackElo "2125"]
[EventDate "1999.12.27"]
[PlyCount "94"]

1.e4 e6 2.Nf3 d5 3.e5 c5 4.b4 c4 5.c3 a5 6.b5 Qb6 7.d4 Qxb5 8.Be2 Qc6 9.
O-O b5 10.a3 b4 11.axb4 axb4 12.Rxa8 Qxa8 13.cxb4 Bxb4 14.Ne1 Bd7 15.Bb2 
Ne7 16.Nc2 Ba4 17.Qc1 Bxc2 18.Qxc2 O-O 19.Nc3 Nbc6 20.Qd2 Nf5 21.Ra1 Qb7 
22.Rb1 Nfxd4 23.Bf1 Rb8 24.Qc1 Bxc3 25.Qxc3 Qb3 26.Qd2 c3 27.Bxc3 Qxb1 28.
Bxd4 Nxd4 29.Qxd4 h6 30.h3 Qc1 31.Qa7 Rb1 32.Qa8+ Kh7 33.Qa6 Qd1 34.g3 Kg6
35.Kg2 Qxf1+ 36.Qxf1 Rxf1 37.Kxf1 Kf5 38.f4 Ke4 39.Ke2 h5 40.h4 g6 41.Kf2 
Kd3 42.Kf3 d4 43.g4 Kc2 44.f5 d3 45.gxh5 gxh5 46.Kf4 d2 47.f6 d1=Q 0-1

[Event "29th Rilton Cup"]
[Site "Stockholm SWE"]
[Date "1999.12.30"]
[Round "4.34"]
[White "Hallberg, Fredrik"]
[Black "Norqvist, Jorgen"]
[Result "1-0"]
[WhiteElo "2196"]
[BlackElo "2113"]
[EventDate "1999.12.27"]
[PlyCount "47"]

1.d4 Nf6 2.c4 e6 3.Nf3 d5 4.Nc3 c6 5.e3 Nbd7 6.Bd3 dxc4 7.Bxc4 b5 8.Bd3 a6
9.e4 c5 10.d5 c4 11.Bc2 Bc5 12.O-O Bb7 13.dxe6 fxe6 14.e5 Ng4 15.Ng5 Nxf2 
16.Qh5+ g6 17.Bxg6+ Ke7 18.Nxh7 Ng4+ 19.Kh1 Ndxe5 20.Bg5+ Kd7 21.Bxd8 Kxd8
22.Ne4 Be7 23.h3 Nxg6 24.Qxg6 1-0

[Event "29th Rilton Cup"]
[Site "Stockholm SWE"]
[Date "2000.01.02"]
[Round "5"]
[White "Kempinski, Robert"]
[Black "Gleizerov, Evgeny"]
[Result "1-0"]
[WhiteElo "2549"]
[BlackElo "2520"]
[EventDate "1999.12.27"]
[PlyCount "69"]

1.d4 e6 2.c4 f5 3.Nc3 Nf6 4.f3 Bb4 5.Bd2 O-O 6.a3 Bxc3 7.Bxc3 d6 8.e3 Qe8 
9.Qd2 Nc6 10.Bd3 e5 11.Ne2 e4 12.Bc2 b5 13.cxb5 Ne7 14.fxe4 Nxe4 15.Bxe4 
fxe4 16.d5 Qxb5 17.Nf4 Ng6 18.Qd4 Rf7 19.Nxg6 hxg6 20.O-O-O Bg4 21.Rd2 
Raf8 22.Re1 Qb3 23.Rf2 Qa2 24.Rf4 Bd7 25.Ref1 c5 26.Qxg7+ Rxg7 27.Rxf8+ 
Kh7 28.R1f7 Ba4 29.Rxg7+ Kh6 30.Kd2 Bb5 31.Rh8+ Kg5 32.h4+ Kf5 33.Rh5+ Kg4
34.Rg5+ Kxh4 35.Bf6 1-0

[Event "29th Rilton Cup"]
[Site "Stockholm SWE"]
[Date "2000.01.02"]
[Round "5"]
[White "Oral, Tomas"]
[Black "Cramling, Pia"]
[Result "1/2-1/2"]
[WhiteElo "2541"]
[BlackElo "2504"]
[EventDate "1999.12.27"]
[PlyCount "54"]

1.e4 c5 2.Nf3 e6 3.b3 Nf6 4.e5 Nd5 5.c4 Nb4 6.Bb2 b6 7.d4 cxd4 8.Nxd4 Qg5 
9.Nb5 Qg6 10.Qf3 N8c6 11.Nc7+ Kd8 12.Nxa8 Bb7 13.Na3 Nc2+ 14.Nxc2 Qxc2 15.
Bc3 Nxe5 16.Qe3 Ng4 17.Qd2 Qxd2+ 18.Bxd2 Bc5 19.Bg5+ f6 20.Bh4 Bxa8 21.f3 
Ne3 22.Ke2 Nc2 23.Rd1 Nd4+ 24.Kd3 a5 25.Rd2 Bb4 26.Rd1 Bc5 27.Rd2 Bb4 
1/2-1/2

[Event "29th Rilton Cup"]
[Site "Stockholm SWE"]
[Date "2000.01.02"]
[Round "5"]
[White "Hector, Jonny"]
[Black "Ivanov, Sergei"]
[Result "0-1"]
[WhiteElo "2505"]
[BlackElo "2538"]
[EventDate "1999.12.27"]
[PlyCount "96"]

1.e4 e6 2.d4 d5 3.Nc3 Bb4 4.e5 c5 5.a3 Bxc3+ 6.bxc3 Ne7 7.h4 Qc7 8.Nf3 b6 
9.Bb5+ Bd7 10.Bd3 Nbc6 11.O-O h6 12.Re1 O-O 13.Bf4 f5 14.dxc5 bxc5 15.c4 
Rad8 16.h5 Bc8 17.Nd2 Ba6 18.Qf3 dxc4 19.Nxc4 Bxc4 20.Bxc4 Nd5 21.c3 Na5 
22.Bxd5 Rxd5 23.Qg3 Qf7 24.Rad1 Rfd8 25.Rxd5 Rxd5 26.Qg6 c4 27.g4 Qxg6 28.
hxg6 fxg4 29.Re4 Nc6 30.Rxc4 Ne7 31.Be3 Nxg6 32.Rxg4 Nxe5 33.Re4 Ra5 34.f4
Ng4 35.Rxe6 Kf7 36.Re4 Nxe3 37.Rxe3 Rxa3 38.Kf2 Ra4 39.Rf3 Kf6 40.Ke3 Kf5 
41.Rf1 Re4+ 42.Kd3 Rxf4 43.Ra1 g5 44.Rxa7 h5 45.c4 h4 46.c5 Kg4 47.c6 h3 
48.Ra1 h2 0-1

[Event "29th Rilton Cup"]
[Site "Stockholm SWE"]
[Date "2000.01.02"]
[Round "5"]
[White "Matros, Alexander"]
[Black "Galkin, Alexander"]
[Result "1/2-1/2"]
[WhiteElo "2391"]
[BlackElo "2535"]
[EventDate "1999.12.27"]
[PlyCount "45"]

1.e4 c6 2.d4 d5 3.e5 Bf5 4.c3 e6 5.Be3 Qb6 6.Qb3 Nd7 7.Nd2 a5 8.f4 h5 9.
Ngf3 a4 10.Qxb6 Nxb6 11.Be2 Bg4 12.g3 Ne7 13.h3 Bxf3 14.Bxf3 Nc4 15.Nxc4 
dxc4 16.a3 g6 17.Ke2 Kd7 18.g4 hxg4 19.hxg4 Bg7 20.Be4 Rxh1 21.Rxh1 Rh8 
22.Rxh8 Bxh8 23.Bf2 1/2-1/2

[Event "29th Rilton Cup"]
[Site "Stockholm SWE"]
[Date "2000.01.02"]
[Round "5"]
[White "Aakesson, Ralf"]
[Black "Votava, Jan"]
[Result "1-0"]
[WhiteElo "2535"]
[BlackElo "2497"]
[EventDate "1999.12.27"]
[PlyCount "81"]

1.Nf3 Nf6 2.c4 c5 3.Nc3 d5 4.cxd5 Nxd5 5.d4 cxd4 6.Qxd4 Nxc3 7.Qxc3 Nc6 8.
e4 Bg4 9.Be3 Bxf3 10.gxf3 a6 11.Rd1 Qc7 12.Rg1 e6 13.a3 Rd8 14.Rxd8+ Kxd8 
15.f4 Kc8 16.Bd3 f6 17.Bc4 Nd8 18.Qb3 Qc6 19.Ke2 Qxe4 20.Rc1 Kd7 21.f3 Qf5
22.Qb6 Ke8 23.Bd3 Qd5 24.Rc8 Qd6 25.Qxb7 Be7 26.Qxa6 Qxa6 27.Bxa6 h5 28.a4
h4 29.Bb5+ Kf7 30.Bb6 Rh5 31.Bxd8 Rh8 32.a5 Rxd8 33.Rc6 Rb8 34.Bc4 Rxb2+ 
35.Kd3 Bb4 36.a6 Rxh2 37.a7 Rd2+ 38.Ke3 Rd8 39.Bxe6+ Ke7 40.Bc8 Bd2+ 41.
Ke2 1-0

[Event "29th Rilton Cup"]
[Site "Stockholm SWE"]
[Date "2000.01.02"]
[Round "5"]
[White "Ulybin, Mikhail"]
[Black "Wedberg, Tom"]
[Result "1/2-1/2"]
[WhiteElo "2569"]
[BlackElo "2487"]
[EventDate "1999.12.27"]
[PlyCount "141"]

1.d4 Nf6 2.c4 e6 3.g3 c5 4.d5 exd5 5.cxd5 d6 6.Nc3 g6 7.Bg2 Bg7 8.Nf3 O-O 
9.O-O a6 10.a4 Nbd7 11.Bf4 Qe7 12.h3 Nh5 13.Bg5 f6 14.Bd2 f5 15.Qc1 Ne5 
16.Ng5 Rb8 17.a5 Nf6 18.Na4 h6 19.Nf3 Nf7 20.Nb6 Ne4 21.Bc3 Kh7 22.Bxg7 
Kxg7 23.b4 Bd7 24.Nd2 Nxd2 25.Qxd2 cxb4 26.Qd4+ Kh7 27.f4 h5 28.Rfe1 Nh6 
29.e4 fxe4 30.Rxe4 Qf7 31.Qxb4 Nf5 32.g4 hxg4 33.hxg4 Ng7 34.Qxd6 Bxg4 35.
Re7 Qxf4 36.Qxf4 Rxf4 37.d6 Rd4 38.d7 Rd8 39.Rc1 Bxd7 40.Rc7 Bc6 41.Bxc6 
bxc6 42.Rxg7+ Kh6 43.Rgd7 Rg4+ 44.Kf2 Rf8+ 45.Rf7 Rxf7+ 46.Rxf7 Rg5 47.Nc4
Rc5 48.Rf4 g5 49.Re4 Kg6 50.Ke3 Kf5 51.Kf3 Kf6 52.Kg4 Rd5 53.Kf3 Rc5 54.
Rd4 Kg6 55.Ke3 Kh5 56.Re4 Kg6 57.Kd4 Rd5+ 58.Kc3 Kf5 59.Re8 Kf4 60.Rc8 g4 
61.Rxc6 g3 62.Rf6+ Rf5 63.Rxf5+ Kxf5 64.Kd4 Kg4 65.Ke3 g2 66.Kf2 Kf4 67.
Kxg2 Ke4 68.Kf2 Kd4 69.Nd6 Kc5 70.Nb7+ Kc6 71.Nd8+ 1/2-1/2

[Event "29th Rilton Cup"]
[Site "Stockholm SWE"]
[Date "2000.01.02"]
[Round "5"]
[White "Brustman, Agnieszka"]
[Black "Volzhin, Alexander"]
[Result "0-1"]
[WhiteElo "2383"]
[BlackElo "2562"]
[EventDate "1999.12.27"]
[PlyCount "71"]

1.e4 c6 2.d4 d5 3.Nc3 dxe4 4.Nxe4 Bf5 5.Ng3 Bg6 6.h4 h6 7.f4 e6 8.h5 Bh7 
9.Nf3 Nd7 10.Bd3 Bxd3 11.Qxd3 Qc7 12.Bd2 Ngf6 13.O-O-O c5 14.dxc5 Bxc5 15.
Ne4 O-O-O 16.Kb1 Ne5 17.fxe5 Rxd3 18.cxd3 Nxe4 19.dxe4 Kb8 20.Rc1 Qc6 21.
Ka1 Qb5 22.a3 Rd8 23.Rc2 b6 24.Rhc1 Qd3 25.Rc4 Rd7 26.Be1 Kb7 27.Ka2 Be7 
28.R1c3 Qf1 29.Rc2 Qh1 30.Bf2 Qxg2 31.Bxb6 Qxf3 32.Bg1 Qxh5 33.R2c3 Bd8 
34.Rb3+ Bb6 35.a4 Qxe5 36.Bc5 0-1

[Event "29th Rilton Cup"]
[Site "Stockholm SWE"]
[Date "2000.01.02"]
[Round "5"]
[White "Brynell, Stellan"]
[Black "Bellon Lopez, Juan Manuel"]
[Result "1-0"]
[WhiteElo "2488"]
[BlackElo "2463"]
[EventDate "1999.12.27"]
[PlyCount "97"]

1.e4 c5 2.Nf3 g6 3.d4 Bg7 4.dxc5 Qa5+ 5.c3 Qxc5 6.Be3 Qc7 7.Bd4 f6 8.Na3 
Nc6 9.Be3 Nh6 10.h3 O-O 11.Qd2 Nf7 12.Be2 d6 13.O-O Bd7 14.Nb5 Qc8 15.c4 
b6 16.Rac1 Qb7 17.Nc3 Rad8 18.Rfd1 f5 19.exf5 gxf5 20.Ng5 Kh8 21.Nxf7+ 
Rxf7 22.Bh5 Rff8 23.f4 Na5 24.Qe2 Be8 25.b3 Bxh5 26.Qxh5 Rg8 27.Rd2 Rdf8 
28.Nd5 e6 29.Nc3 Rf6 30.Nb5 Rh6 31.Qe2 Qe7 32.Nxd6 Nb7 33.Rcd1 Bf6 34.Nxb7
Qxb7 35.Bd4 Qg7 36.Bxf6 Qxf6 37.Kf1 Rh4 38.Rd4 Rg3 39.Kf2 Rg6 40.Qe5 Qxe5 
41.fxe5 f4 42.Rd8+ Kg7 43.R1d7+ Kh6 44.Rh8 Kg5 45.Rf7 a5 46.Kf3 Rh5 47.
Rxf4 Rg7 48.Re8 Rg6 49.Rg4+ 1-0

[Event "29th Rilton Cup"]
[Site "Stockholm SWE"]
[Date "2000.01.02"]
[Round "5"]
[White "Meijers, Viesturs"]
[Black "Berg, Emanuel"]
[Result "0-1"]
[WhiteElo "2472"]
[BlackElo "2348"]
[EventDate "1999.12.27"]
[PlyCount "152"]

1.e4 e6 2.d4 d5 3.exd5 exd5 4.Nf3 Bd6 5.Bd3 Nc6 6.c3 Nge7 7.O-O Bg4 8.b4 
Qd7 9.b5 Nd8 10.Nbd2 Ne6 11.Re1 Nf4 12.Bf1 O-O 13.c4 dxc4 14.Nxc4 Neg6 15.
Qb3 Rfe8 16.Nfe5 Bxe5 17.Nxe5 Nxe5 18.dxe5 Ng6 19.h3 Be6 20.Rd1 Qe7 21.Qc3
Rad8 22.Ba3 Qg5 23.Rxd8 Qxd8 24.Bb2 Bd5 25.a4 Qg5 26.Re1 c6 27.Re3 Re6 28.
Qd4 h5 29.g3 h4 30.f4 Qf5 31.Qd3 Ne7 32.Bc1 Rg6 33.Kh2 hxg3+ 34.Rxg3 Rxg3 
35.Kxg3 Qh5 36.Kh2 Qh4 37.Be3 Ng6 38.Qd2 Qh5 39.Be2 Qf5 40.Bd3 Be4 41.bxc6
bxc6 42.Be2 Bd5 43.Qd3 Qe6 44.Bg4 Qe7 45.Qc3 Qb7 46.f5 Nf8 47.a5 Nd7 48.
Kg3 Qb8 49.Bf4 Qb5 50.Kh4 Nc5 51.Qe3 Qc4 52.Bh2 Ne4 53.Bf4 Nc5 54.Kh5 Kh7 
55.Kh4 Nd3 56.Bg5 Nc5 57.Qf4 Qc3 58.Qe3 Qc4 59.Bf4 Qb4 60.e6 Ne4 61.f6 
fxe6 62.Bg5 Nxf6 63.Bxf6 gxf6 64.Qxa7+ Kg6 65.Qe3 Qxa5 66.Bh5+ Kh7 67.Qd3+
Kh8 68.Qe3 Qb4+ 69.Bg4 Kg7 70.Kh5 Qe7 71.Qh6+ Kg8 72.Qg6+ Qg7 73.h4 Kf8 
74.Qb1 f5 75.Be2 Kg8 76.Ba6 Bf3# 0-1

[Event "29th Rilton Cup"]
[Site "Stockholm SWE"]
[Date "2000.01.02"]
[Round "5"]
[White "Loegdahl, Harald"]
[Black "Macieja, Bartlomiej"]
[Result "0-1"]
[WhiteElo "2226"]
[BlackElo "2542"]
[EventDate "1999.12.27"]
[PlyCount "80"]

1.e4 c5 2.c3 Nf6 3.e5 Nd5 4.d4 cxd4 5.Nf3 Nc6 6.cxd4 d6 7.Bc4 Nb6 8.Bb5 
dxe5 9.Nxe5 Bd7 10.Nc3 Nxe5 11.dxe5 Bxb5 12.Nxb5 Qxd1+ 13.Kxd1 O-O-O+ 14.
Ke2 Rd5 15.a4 Rxe5+ 16.Be3 Nd5 17.Nxa7+ Kb8 18.Nb5 e6 19.Rhc1 Be7 20.Kf3 
Nxe3 21.fxe3 Rd8 22.Rc3 Bf6 23.Rb3 Rd2 24.Nd4 Rg5 25.a5 Bxd4 26.exd4 Rgxg2
27.a6 Rdf2+ 28.Ke4 Rxb2 29.Rb1 Rxb1 30.Rxb1 Rf2 31.Rxb7+ Ka8 32.Re7 g5 33.
Ke5 g4 34.Kd6 h5 35.Kc6 Rxh2 36.Rxf7 g3 37.Rg7 h4 38.Kb6 Rb2+ 39.Ka5 Rb8 
40.Rg4 Rh8 0-1

[Event "29th Rilton Cup"]
[Site "Stockholm SWE"]
[Date "2000.01.02"]
[Round "5"]
[White "Yakovich, Yury"]
[Black "Gratka, Krzysztof"]
[Result "1-0"]
[WhiteElo "2592"]
[BlackElo "2373"]
[EventDate "1999.12.27"]
[PlyCount "73"]

1.d4 Nf6 2.c4 g6 3.Nc3 Bg7 4.e4 d6 5.Be2 O-O 6.Bg5 c6 7.Nf3 Nbd7 8.O-O a5 
9.Qd2 e5 10.Rad1 Re8 11.d5 Bf8 12.Qc2 Nc5 13.Nd2 Be7 14.Be3 Nfd7 15.Nb3 
Na6 16.dxc6 bxc6 17.c5 dxc5 18.Na4 Qc7 19.Rd2 Rd8 20.a3 Nf8 21.Rxd8 Bxd8 
22.Rc1 Rb8 23.Bd2 Qb7 24.Nxa5 Bxa5 25.Bxa5 Ne6 26.Bc4 Nd4 27.Qd3 Qa7 28.
Qg3 Qe7 29.Bd2 Kg7 30.f4 Nc7 31.fxe5 Be6 32.Bg5 Bxc4 33.Bxe7 Ne2+ 34.Kf2 
Nxg3 35.Rxc4 Nh5 36.Bd6 Rc8 37.Nb6 1-0

[Event "29th Rilton Cup"]
[Site "Stockholm SWE"]
[Date "2000.01.02"]
[Round "5"]
[White "Kallio, Heikki"]
[Black "Sax, Gyula"]
[Result "1-0"]
[WhiteElo "2360"]
[BlackElo "2588"]
[EventDate "1999.12.27"]
[PlyCount "69"]

1.e4 c5 2.Nf3 e6 3.d4 cxd4 4.Nxd4 a6 5.Nc3 Qc7 6.g3 Bb4 7.Ne2 Nf6 8.Bg2 
Be7 9.O-O Nc6 10.a4 Rb8 11.h3 b5 12.axb5 axb5 13.Bf4 e5 14.Be3 d6 15.Qd3 
Nb4 16.Qd2 Be6 17.Ra7 Qc8 18.g4 Nc6 19.Raa1 h5 20.f3 Bd7 21.Ng3 g6 22.g5 
b4 23.Na4 Nh7 24.h4 Qc7 25.b3 O-O 26.Nb2 Be6 27.Nd3 d5 28.f4 d4 29.Bf2 
exf4 30.Nxf4 Bd6 31.Nge2 Rbd8 32.Bg3 Bg4 33.Nd5 Qb8 34.Bxd6 Rxd6 35.Nxd4 
1-0

[Event "29th Rilton Cup"]
[Site "Stockholm SWE"]
[Date "2000.01.02"]
[Round "5"]
[White "Agrest, Evgenij"]
[Black "Bartel, Mateusz"]
[Result "1/2-1/2"]
[WhiteElo "2554"]
[BlackElo "2343"]
[EventDate "1999.12.27"]
[PlyCount "124"]

1.Nf3 f5 2.g3 Nf6 3.Bg2 g6 4.b4 Bg7 5.Bb2 d6 6.d4 e5 7.dxe5 Ng4 8.Bc3 Nxe5
9.Nxe5 dxe5 10.Qxd8+ Kxd8 11.Nd2 c6 12.Nc4 Re8 13.O-O Nd7 14.e4 Nb6 15.Nd6
Re7 16.Nxc8 Nxc8 17.exf5 gxf5 18.Bd2 Kc7 19.c4 Nd6 20.Rac1 Rf8 21.a4 f4 
22.gxf4 exf4 23.c5 Nc8 24.b5 f3 25.Bh3 cxb5 26.axb5 Bd4 27.Rc4 Be5 28.Kh1 
Kb8 29.Rg1 Bc7 30.Be3 Re5 31.Rh4 h5 32.Bd4 Rd5 33.Be6 Rdd8 34.Be3 Rde8 35.
Bb3 Re5 36.Bd1 b6 37.Bd4 Rd5 38.Bb3 Rdd8 39.Be3 bxc5 40.Rxh5 Rh8 41.Rxh8 
Rxh8 42.Rg4 Rxh2+ 43.Kg1 Rg2+ 44.Rxg2 fxg2 45.Bxc5 Nd6 46.Ba4 Ne4 47.Bd4 
Bb6 48.Bxb6 axb6 49.Bc2 Nc3 50.Bd3 Kc7 51.Kxg2 Kd6 52.f4 Kc5 53.f5 Nd5 54.
Kf3 Kd4 55.Bb1 Ke5 56.Kg4 Kf6 57.Be4 Ne7 58.Kf4 Nc8 59.Bc2 Nd6 60.Bd3 Nf7 
61.Ke4 Nd6+ 62.Kd5 Nxb5 1/2-1/2

[Event "29th Rilton Cup"]
[Site "Stockholm SWE"]
[Date "2000.01.02"]
[Round "5"]
[White "Socko, Bartosz"]
[Black "Handke, Florian"]
[Result "1-0"]
[WhiteElo "2543"]
[BlackElo "2361"]
[EventDate "1999.12.27"]
[PlyCount "45"]

1.g3 c5 2.Bg2 Nc6 3.d3 g6 4.e4 Bg7 5.f4 d6 6.Nf3 e6 7.O-O Nge7 8.c3 O-O 9.
Be3 b6 10.Na3 Ba6 11.Re1 Rc8 12.d4 cxd4 13.Nxd4 Nxd4 14.Bxd4 Qc7 15.Bxg7 
Kxg7 16.Qa4 Bb7 17.Rad1 e5 18.Qb4 Rfd8 19.Nb5 Qc5+ 20.Qxc5 dxc5 21.Nd6 Rc7
22.Nf5+ gxf5 23.Rxd8 1-0